Statistics for Complete The Geography Sequences

Click here to take the quiz!

General Stats

  • This quiz has been taken 88 times
  • The average score is 7 of 20

Answer Stats

1234% Correct
AlabamaAlaskaArizonaArkansas (US states alphabetically)
68%
AmazonNileYangtzeMississippi (Longest rivers)
65%
SuperiorVictoriaHuronMichigan (Freshwater lakes by area)
63%
ChinaIndiaUnited StatesIndonesia (Most populous countries)
61%
AlaskaTexasCaliforniaMontana (US states by area)
54%
AfghanistanAlbaniaAlgeriaAndorra (Countries alphabetically)
46%
GreenlandNew GuineaBorneoMadagascar (Islands by area)
46%
KazakhstanMongoliaChadNiger (Landlocked countries in order of size)
42%
BelarusIrelandKazakhstanGermany (countries by decreasing latitude)
39%
NamibiaAngolaDemocratic Republic of CongoAngola (Countries going up the coast of southwest Africa)
37%
China/NepalPakistanIndiaBhutan (Countries by highest points)
35%
HispaniolaJamaicaPuerto RicoTrinidad (Caribbean islands by area)
27%
CanadaIndonesiaRussiaPhilippines (Countries by coastline length)
24%
HonshuHokkaidoKyushuShikoku (Japanese islands in order of size)
21%
South CarolinaNew HampshireVirginiaNew York (US states by accession)
11%
LesothoRwandaAndorraBurundi (Countries by highest lowest points)
11%
SwitzerlandNetherlandsFranceNetherlands (First Eurovision winning countries)
4%
ChinaUnited StatesIndiaNorth Korea (Largest militaries)
4%
TexasPennsylvaniaOklahomaWest Virginia (US states by highest proven natural gas reserves)
3%
ClareCorkDonegalDown (Irish counties alphabetically)
3%

Score Distribution

Percentile by Number Answered

Percent of People with Each Score

Your Score History

You have not taken this quiz